Understanding the Bible / (Record no. 13389)

MARC details
000 -LEADER
fixed length control field 01059cam a2200277 i 4500
001 - CONTROL NUMBER
control field 13389
005 - DATE AND TIME OF LATEST TRANSACTION
control field 20251017132211.0
008 - FIXED-LENGTH DATA ELEMENTS--GENERAL INFORMATION
fixed length control field 790918s1979 miua b 000 0 eng
010 ## - LIBRARY OF CONGRESS CONTROL NUMBER
LC control number 79022149
020 ## - INTERNATIONAL STANDARD BOOK NUMBER
International Standard Book Number 031041430X
035 ## - SYSTEM CONTROL NUMBER
System control number 1809304
040 ## - CATALOGING SOURCE
Original cataloging agency DLC
Transcribing agency DLC
Modifying agency DLC
-- BSULIB
050 00 - LIBRARY OF CONGRESS CALL NUMBER
Classification number BS511.2
Item number .S86
082 00 - DEWEY DECIMAL CLASSIFICATION NUMBER
Classification number 220.7
Item number STO
100 1# - MAIN ENTRY--PERSONAL NAME
Personal name Stott, John
9 (RLIN) 14107
245 10 - TITLE STATEMENT
Title Understanding the Bible /
Statement of responsibility, etc by John Stott
250 ## - EDITION STATEMENT
Edition statement Rev ed.
260 ## - PUBLICATION, DISTRIBUTION, ETC. (IMPRINT)
Place of publication, distribution, etc Valley Forge, PA :
Name of publisher, distributor, etc Scripture Union,
Date of publication, distribution, etc 1972.
300 ## - PHYSICAL DESCRIPTION
Extent viii, 214 p. :
Other physical details maps ;
Dimensions 20 cm.
504 ## - BIBLIOGRAPHY, ETC. NOTE
Bibliography, etc Includes bibliographical references.
505 ## - FORMATTED CONTENTS NOTE
Formatted contents note The Purpose of the Bible <br/>The Land of the Bible <br/>The Story of the Bible (Old Testament )<br/>The Story of the Bible ( New Testament) <br/>The Message of the Bible <br/>The Authority of the Bible <br/>The Interpretation of the Bible <br/>The Use of the Bible <br/>
630 00 - SUBJECT ADDED ENTRY--UNIFORM TITLE
Uniform title Bible
Form subdivision Introductions.
9 (RLIN) 25997
906 ## - LOCAL DATA ELEMENT F, LDF (RLIN)
a 7
b cbu
c orignew
d 1
e ocip
f 19
g y-gencatlg
942 ## - ADDED ENTRY ELEMENTS (KOHA)
Source of classification or shelving scheme Dewey Decimal Classification
Item type Books
Holdings
Withdrawn status Lost status Source of classification or shelving scheme Damaged status Not for loan Home library Current library Shelving location Date acquired Source of acquisition Inventory number Total Checkouts Full call number Barcode Date last seen Copy number Price effective from Koha item type Public note
    Dewey Decimal Classification     Main Library Main Library Reserve Book Section 17/10/2011 Donation 22867   220.7 STO bsu25100320 17/10/2025 001 17/10/2025 Books Material available in hard copy
    Dewey Decimal Classification     Main Library Main Library Reserve Book Section 17/10/2011 Donation 22866   220.7 STO bsu25100321 17/10/2025 002 17/10/2025 Books Material available in hard copy
    Dewey Decimal Classification     Main Library Main Library Reserve Book Section 17/10/2011 Donation 22920   220.7 STO bsu25100322 17/10/2025 003 17/10/2025 Books Material available in hard copy

© 2017 Bishop Stuart University Library. All Rights Reserved.
Kakoba Campus, Plot 150 Buremba Road | P.O. Box 9, Mbarara, UGANDA | Tel: +256-772-463068
Email: library@bsu.ac.ug